Manažment oddychu a zdravia

Bibliographic Details
Main Author: Bajzová, Katarína (Author)
Format: Article
Language:Slovak
ISSN:1336-9857
Subjects:

MARC

LEADER 00000nab a2200000 ar4500
001 vtls009150812
003 SK-MaSNL
005 20260303063906.0
008 071017c2007 xo mr|p|||||||000 b|slo
015 |a SNBRB2007/10  |2 snkbucl 
038 |a SNKBUCL 
040 |a SNKBUCL  |b slo  |c SNKBUCL  |e AACR2 
041 0 |a slo 
044 |a xo  |c SK 
080 |a 338.48:615.838  |x (437.6)  |2 2001 
080 |a 615.838  |x (437.6)  |2 2001 
100 1 |a Bajzová, Katarína  |4 aut  |9 1061777 
245 1 0 |a Manažment oddychu a zdravia  |c Katarína Bajzová 
610 2 7 |a Zlaté kúpele (Turčianske Teplice, Slovensko)  |2 snkbucl  |9 173054 
650 0 7 |a kúpeľný cestovný ruch  |2 snkbucl  |9 74847 
773 0 |t Revue priemyslu  |g Č. 9 (2007), s. 74-75  |x 1336-9857 
852 |a SNK  |b KIS3GCP 
958 |a SK 
999 |c 1744878  |d 1746808